<?xml version="1.0" encoding="UTF-8"?>
<marc:record xmlns:marc="http://www.loc.gov/MARC21/slim">
   <marc:leader>00000nam a2200000 a 4500</marc:leader>
   <marc:datafield ind1="1" ind2=" " tag="100">
      <marc:subfield code="a">Barnes, Julian</marc:subfield>
      <marc:subfield code="4">aut</marc:subfield>
      <marc:subfield code="e">Verfasser/-in</marc:subfield>
   </marc:datafield>
   <marc:datafield ind1="0" ind2="0" tag="245">
      <marc:subfield code="a">Der Lärm der Zeit</marc:subfield>
   </marc:datafield>
   <marc:datafield ind1="0" ind2="0" tag="245">
      <marc:subfield code="b">Roman</marc:subfield>
   </marc:datafield>
   <marc:datafield ind1=" " ind2="1" tag="264">
      <marc:subfield code="b">btb</marc:subfield>
      <marc:subfield code="c">2018</marc:subfield>
   </marc:datafield>
   <marc:datafield ind1="1" ind2=" " tag="520">
      <marc:subfield code="a">Im Mai 1937 wartet ein Mann jede Nacht neben dem Fahrstuhl seiner Leningrader Wohnung darauf, dass Stalins Schergen kommen und ihn abholen. Der Mann ist der Komponist Schostakowitsch, und er wartet am Lift, um seiner Familie den Anblick seiner Verhaftung zu ersparen. Die Gunst der Mächtigen zu erlangen, hat zwei Seiten: Stalin, der sich plötzlich für Schostakowitsch' Musik zu interessieren scheint, verlässt noch in der Pause die Aufführung seiner Oper »Lady Macbeth von Mzensk«. Fortan ist der Komponist ein zum Abschuss freigegebener Mann. Durch Glück entgeht er der Säuberung, doch was bedeutet es für einen Künstler, keine Entscheidung frei treffen zu können? In welchem Verhältnis stehen Kunst und Unterdrückung, Diktatur und Kreativität zueinander. Und ist es verwerflich, wenn man sich der Macht beugt, um künstlerisch arbeiten zu können?[Verlagstext]</marc:subfield>
   </marc:datafield>
   <marc:datafield ind1=" " ind2=" " tag="020">
      <marc:subfield code="a">9783442716524</marc:subfield>
      <marc:subfield code="9">9783442716524</marc:subfield>
   </marc:datafield>
</marc:record>
